000 01006nam a2200229Ii 4500
003 JO-AjNU
008 230605s9999||||xx |||||||||||||| ||und||
017 _a1997/5704
020 _a977-19-3454-6
040 _aJO-AjNU
_bara
_erda
_cJO-AjNU
041 _aara
050 1 4 _aKRM500.S26 1997
100 3 _aالسنهوري، عبد الرزاق أحمد ؛ تنقيح واضافة: مصطفى محمد الفقي,
_eauthor
_911622
245 0 0 _aالوجيز في شرح القانون المدني الجديد : نظرية الالتزام بوجه عام المصادر- الاثبات- الاثار- الاوصاف- الانتقال- الانقضاء
250 _aط2
264 3 1 _aالقاهرة: دار النهضة العربية، 1997
300 _aج1، 1462ص
336 _atext
_btxt
_2rdacontent
337 _aunmediated
_bn
_2rdamedia
338 _avolume
_bnc
_2rdacarrier
650 4 _aالالتزامات- قوانين وتشريعات- العقود- القانون المدني
_911623
999 _aA2420
_c5988
_d5988